[Event "Paulin Frydman mem"]
[Site "Buenos Aires ARG"]
[Date "1983.03.??"]
[Round "1"]
[White "Cuasnicu, Oscar"]
[Black "Tempone, Marcelo"]
[Result "0-1"]
[WhiteElo "2390"]
[BlackElo "2330"]
[EventDate "1983.03.13"]
[PlyCount "78"]

1.e4 e6 2.d3 c5 3.Nf3 Nc6 4.g3 d5 5.Nbd2 g6 6.Bg2 Bg7 7.O-O Nge7 8.Re1 O-O
9.e5 Qc7 10.Qe2 Bd7 11.c3 f6 12.exf6 Rxf6 13.Nb3 b6 14.Bg5 Rf7 15.d4 Raf8 
16.Bf4 Rxf4 17.gxf4 c4 18.Nbd2 Qxf4 19.Nf1 Qf6 20.Ng3 h5 21.Ne5 Nxe5 22.
dxe5 Qh4 23.Qc2 Kh7 24.Rad1 Nc6 25.Bxd5 exd5 26.e6 Be8 27.Rxd5 Kh8 28.Qd2 
Ne7 29.Rd8 Bc6 30.Rxf8+ Bxf8 31.Qe2 Bg7 32.Rd1 Qf4 33.Rd8+ Kh7 34.Qe3 Qg4 
35.f3 Bxf3 36.Rd7 Nf5 37.Qe5 h4 38.e7 hxg3 39.hxg3 Qh3 0-1

[Event "Paulin Frydman mem"]
[Site "Buenos Aires ARG"]
[Date "1983.03.??"]
[Round "1"]
[White "Amado, Claudio"]
[Black "Panno, Oscar"]
[Result "0-1"]
[WhiteElo "2340"]
[BlackElo "2500"]
[EventDate "1983.03.13"]
[PlyCount "82"]

1.d4 Nf6 2.c4 c5 3.d5 e5 4.Nc3 d6 5.e4 Be7 6.Nf3 O-O 7.Be2 Ne8 8.O-O g6 9.
Bh6 Ng7 10.Qd2 Nd7 11.a3 Nf6 12.Ne1 a6 13.f4 exf4 14.Qxf4 Nd7 15.Nd3 Qc7 
16.Bxg7 Kxg7 17.Bg4 Nb6 18.Bxc8 Raxc8 19.e5 dxe5 20.Nxe5 f5 21.Nd3 g5 22.
Qxc7 Rxc7 23.b3 Bf6 24.Rac1 Bd4+ 25.Kh1 Re7 26.Na4 Nxa4 27.bxa4 Re3 28.
Rfd1 Rfe8 29.Rb1 R8e7 30.h3 f4 31.Kh2 Kg6 32.Rb3 h5 33.Rdb1 Kf5 34.d6 Rd7 
35.Ne1 Rxb3 36.Rxb3 Rxd6 37.Rxb7 Bf2 38.Rb1 g4 39.Rc1 Be3 40.Rb1 Rd2 41.
Kh1 0-1

[Event "Paulin Frydman mem"]
[Site "Buenos Aires ARG"]
[Date "1983.03.??"]
[Round "1"]
[White "Slipak, Sergio"]
[Black "Szmetan, Jorge"]
[Result "1-0"]
[WhiteElo "2270"]
[BlackElo "2385"]
[EventDate "1983.03.13"]
[PlyCount "73"]

1.e4 e5 2.Nf3 Nc6 3.Bc4 Nf6 4.d3 Bc5 5.c3 d6 6.Bb3 O-O 7.O-O h6 8.Nbd2 a6 
9.Nc4 Ba7 10.Ne3 Ne7 11.Nh4 g5 12.Qf3 Kg7 13.Nhf5+ Bxf5 14.Nxf5+ Nxf5 15.
Qxf5 Qd7 16.Qxd7 Nxd7 17.Be3 Nc5 18.Bc2 Ne6 19.Rad1 f6 20.g3 Kf7 21.d4 Ke7
22.Bb3 Ng7 23.f4 Ne6 24.fxe5 fxe5 25.Rxf8 Nxf8 26.h4 Nh7 27.Kg2 Rf8 28.Rh1
exd4 29.cxd4 Nf6 30.hxg5 hxg5 31.Re1 c6 32.e5 Nd5 33.Bxg5+ Ke6 34.Bxd5+ 
Kxd5 35.exd6 Rg8 36.d7 Bb6 37.Bh4 1-0

[Event "Paulin Frydman mem"]
[Site "Buenos Aires ARG"]
[Date "1983.03.??"]
[Round "2"]
[White "Szmetan, Jorge"]
[Black "Schweber, Samuel"]
[Result "1-0"]
[WhiteElo "2385"]
[BlackElo "2420"]
[EventDate "1983.03.13"]
[PlyCount "126"]

1.c4 g6 2.Nc3 Bg7 3.Nf3 d6 4.g3 Nf6 5.Bg2 O-O 6.O-O c6 7.d4 Qa5 8.e4 e5 9.
Re1 Bg4 10.Be3 exd4 11.Bxd4 Qh5 12.Qd3 Nbd7 13.Nd2 Ne5 14.Qf1 Bf3 15.Nxf3 
Nxf3+ 16.Bxf3 Qxf3 17.Qe2 Qxe2 18.Rxe2 Rfe8 19.Rd1 Re6 20.f3 Ne8 21.Bxg7 
Kxg7 22.Kf2 Rc8 23.Red2 Rc7 24.g4 f6 25.h4 Rf7 26.Ne2 Re5 27.Nf4 Rfe7 28.
h5 g5 29.Ne2 Kf7 30.Ng3 Rd7 31.Nf5 Ke6 32.Nd4+ Ke7 33.Nf5+ Ke6 34.h6 Rc5 
35.b3 Ke5 36.Ne3 Ra5 37.Nf5 Rc5 38.Rd5+ Ke6 39.Ng7+ Ke7 40.Nf5+ Kd8 41.
R5d4 Ra5 42.R1d2 c5 43.R4d3 Ra6 44.f4 gxf4 45.Kf3 Kc7 46.Kxf4 Rf7 47.Ne3 
Kd7 48.Nd5 Ke6 49.Kg3 Rc6 50.Rf3 Rc8 51.Rdf2 Rf8 52.Rf5 a6 53.g5 b5 54.
Nxf6 Nxf6 55.Rxf6+ Rxf6 56.Rxf6+ Ke7 57.e5 dxe5 58.Rxa6 bxc4 59.bxc4 Rf8 
60.Ra7+ Ke6 61.Rxh7 e4 62.g6 e3 63.g7 1-0

[Event "Paulin Frydman mem"]
[Site "Buenos Aires ARG"]
[Date "1983.03.??"]
[Round "2"]
[White "Hase, Juan Carlos"]
[Black "Amado, Claudio"]
[Result "1/2-1/2"]
[WhiteElo "2415"]
[BlackElo "2340"]
[EventDate "1983.03.13"]
[PlyCount "63"]

1.e4 e5 2.Nf3 Nc6 3.Bc4 Nf6 4.d3 Be7 5.c3 O-O 6.O-O d5 7.exd5 Nxd5 8.Re1 
Bg4 9.h3 Bh5 10.Nbd2 Nb6 11.Bb5 Bd6 12.Nf1 Re8 13.Ng3 Bg6 14.Bg5 Qd7 15.
Nh4 a6 16.Bxc6 Qxc6 17.Nxg6 hxg6 18.Qe2 f6 19.Bd2 f5 20.Bg5 Be7 21.Bxe7 
Rxe7 22.f4 Rae8 23.fxe5 Rxe5 24.Qxe5 Rxe5 25.Rxe5 Qd6 26.Rae1 Qxd3 27.Re8+
Kh7 28.Kh2 Nc4 29.R1e7 Nd2 30.Rf7 Nf1+ 31.Nxf1 Qxf1 32.Ree7 1/2-1/2

[Event "Paulin Frydman mem"]
[Site "Buenos Aires ARG"]
[Date "1983.03.??"]
[Round "3"]
[White "Slipak, Sergio"]
[Black "Cuasnicu, Oscar"]
[Result "1/2-1/2"]
[WhiteElo "2270"]
[BlackElo "2390"]
[EventDate "1983.03.13"]
[PlyCount "84"]

1.e4 c5 2.g3 Nc6 3.Bg2 Nf6 4.Nc3 d6 5.d3 e6 6.f4 Be7 7.Nf3 O-O 8.O-O a6 9.
Kh1 d5 10.Ne5 Nd4 11.a4 Rb8 12.Be3 Nc6 13.Nxc6 bxc6 14.Bc1 a5 15.g4 Ne8 
16.g5 h6 17.h4 hxg5 18.hxg5 d4 19.Ne2 e5 20.g6 fxg6 21.fxe5 Bg5 22.Rxf8+ 
Kxf8 23.b3 Nc7 24.Nf4 Bxf4 25.Bxf4 Qh4+ 26.Bh2 Bg4 27.Qd2 Re8 28.Rf1+ Kg8 
29.Qf2 Qxf2 30.Rxf2 Rf8 31.Rd2 Ne6 32.Bg3 Kf7 33.Kh2 Rh8+ 34.Kg1 Ke7 35.
Rf2 Rf8 36.Rd2 g5 37.Be1 Nf4 38.Bf1 Ng6 39.Rg2 Nxe5 40.Be2 Bxe2 41.Rxe2 
Nf3+ 42.Kg2 1/2-1/2

[Event "Paulin Frydman mem"]
[Site "Buenos Aires ARG"]
[Date "1983.03.??"]
[Round "3"]
[White "Amado, Claudio"]
[Black "Szmetan, Jorge"]
[Result "1-0"]
[WhiteElo "2340"]
[BlackElo "2385"]
[EventDate "1983.03.13"]
[PlyCount "96"]

1.d4 Nf6 2.c4 g6 3.Nc3 Bg7 4.e4 d6 5.Be2 O-O 6.Bg5 c5 7.d5 b5 8.cxb5 a6 9.
a4 Qa5 10.Bd2 axb5 11.Bxb5 Ne8 12.Nge2 Nc7 13.O-O Ba6 14.Qc2 Qb6 15.Ra3 
Bxb5 16.axb5 Nd7 17.Rfa1 Rxa3 18.Rxa3 Nxb5 19.Rb3 Nxc3 20.Bxc3 Qa7 21.Ra3 
Qb7 22.Rb3 Qc7 23.h3 Ra8 24.Ra3 Rb8 25.Bxg7 Kxg7 26.Qc3+ Nf6 27.Nd4 Qb6 
28.Rb3 cxd4 29.Rxb6 dxc3 30.Rxb8 Nxe4 31.Rb4 cxb2 32.Rxb2 Kf6 33.Rb3 g5 
34.Rf3+ Kg6 35.Re3 Nf6 36.Rxe7 Nxd5 37.Rd7 Nf4 38.Rxd6+ f6 39.Kh2 Kf5 40.
f3 Ng6 41.g4+ Ke5 42.Rd7 f5 43.gxf5 Kxf5 44.Rxh7 Ne5 45.Kg3 Ng6 46.Ra7 Ne5
47.Ra5 Kf6 48.h4 1-0

[Event "Paulin Frydman mem"]
[Site "Buenos Aires ARG"]
[Date "1983.03.??"]
[Round "3"]
[White "Giardelli, Sergio Carlos"]
[Black "Tempone, Marcelo"]
[Result "1/2-1/2"]
[WhiteElo "2430"]
[BlackElo "2330"]
[EventDate "1983.03.13"]
[PlyCount "40"]

1.Nf3 g6 2.d4 Nf6 3.Bg5 Bg7 4.Nbd2 d5 5.e3 O-O 6.Bd3 Nbd7 7.O-O c5 8.Re1 
Re8 9.c4 cxd4 10.exd4 b6 11.cxd5 Nxd5 12.Bb5 Rb8 13.Qb3 Bb7 14.Ne4 Rf8 15.
Bc4 N7f6 16.Nxf6+ Bxf6 17.Bxf6 exf6 18.Bf1 Qd6 19.Rad1 Kg7 20.Nd2 Rfe8 
1/2-1/2

[Event "Paulin Frydman mem"]
[Site "Buenos Aires ARG"]
[Date "1983.03.??"]
[Round "4"]
[White "Giardelli, Sergio Carlos"]
[Black "Slipak, Sergio"]
[Result "1-0"]
[WhiteElo "2430"]
[BlackElo "2270"]
[EventDate "1983.03.13"]
[PlyCount "88"]

1.Nf3 Nf6 2.d4 d6 3.Bg5 Nbd7 4.Nbd2 e5 5.e4 Be7 6.c3 O-O 7.Be2 d5 8.dxe5 
Nxe4 9.Bf4 Ndc5 10.O-O Ne6 11.Be3 f5 12.exf6 Nxf6 13.Nd4 Nxd4 14.Bxd4 Kh8 
15.Qc2 Bd6 16.f4 Ng4 17.Bxg4 Bxg4 18.h3 Bd7 19.Be5 Bb5 20.Rf3 Be2 21.Re3 
Bc5 22.Bd4 Bxd4 23.cxd4 Bh5 24.Re5 Qh4 25.Rf1 c6 26.Qc3 h6 27.Rf2 Bf7 28.
Nf3 Qd8 29.Re3 Qd6 30.Ne5 Bg6 31.Qc5 Rf6 32.b4 Raf8 33.g4 Be4 34.f5 h5 35.
Qxd6 Rxd6 36.Ng6+ Rxg6 37.fxg6 Rxf2 38.Kxf2 hxg4 39.hxg4 Kg8 40.Kg3 Kf8 
41.Kf4 Bxg6 42.Rh3 Bb1 43.Rh8+ Kf7 44.a3 Bd3 1-0

[Event "Paulin Frydman mem"]
[Site "Buenos Aires ARG"]
[Date "1983.03.??"]
[Round "4"]
[White "Hase, Juan Carlos"]
[Black "Najdorf, Miguel"]
[Result "1/2-1/2"]
[WhiteElo "2415"]
[BlackElo "2515"]
[EventDate "1983.03.13"]
[PlyCount "42"]

1.e4 c5 2.Nf3 e6 3.Nc3 a6 4.g3 b5 5.Bg2 Bb7 6.d3 d6 7.O-O Nf6 8.Qe2 Nc6 9.
a4 b4 10.Nd1 Be7 11.h3 O-O 12.g4 Rc8 13.c3 a5 14.Nd2 Ba6 15.f4 Nd7 16.Nc4 
Nb6 17.Nde3 Re8 18.Nxb6 Qxb6 19.Nc4 Qc7 20.g5 Bf8 21.Qf3 g6 1/2-1/2

[Event "Paulin Frydman mem"]
[Site "Buenos Aires ARG"]
[Date "1983.03.??"]
[Round "4"]
[White "Cuasnicu, Oscar"]
[Black "Schweber, Samuel"]
[Result "1/2-1/2"]
[WhiteElo "2390"]
[BlackElo "2420"]
[EventDate "1983.03.13"]
[PlyCount "22"]

1.e4 e6 2.d4 d5 3.Nd2 c5 4.exd5 exd5 5.Bb5+ Nc6 6.Qe2+ Be7 7.Ngf3 Nf6 8.
O-O O-O 9.dxc5 Bxc5 10.Nb3 Bb6 11.Bg5 1/2-1/2

[Event "Paulin Frydman mem"]
[Site "Buenos Aires ARG"]
[Date "1983.03.??"]
[Round "4"]
[White "Tempone, Marcelo"]
[Black "Panno, Oscar"]
[Result "1/2-1/2"]
[WhiteElo "2330"]
[BlackElo "2500"]
[EventDate "1983.03.13"]
[PlyCount "28"]

1.d4 Nf6 2.c4 g6 3.Nf3 Bg7 4.Nc3 O-O 5.Bf4 d6 6.h3 Nc6 7.e3 Nd7 8.Be2 e5 
9.Bh2 f5 10.O-O Kh8 11.Re1 g5 12.d5 Ncb8 13.Nd2 Nf6 14.f4 1/2-1/2

[Event "Paulin Frydman mem"]
[Site "Buenos Aires ARG"]
[Date "1983.03.??"]
[Round "5"]
[White "Slipak, Sergio"]
[Black "Tempone, Marcelo"]
[Result "1/2-1/2"]
[WhiteElo "2270"]
[BlackElo "2330"]
[EventDate "1983.03.13"]
[PlyCount "40"]

1.e4 c6 2.d4 d5 3.exd5 cxd5 4.Bd3 Nc6 5.c3 g6 6.Bf4 Bg7 7.Qd2 Nf6 8.Nf3 
Bf5 9.Bxf5 gxf5 10.Qe2 O-O 11.Ne5 Ne4 12.f3 Nxe5 13.Bxe5 Nd6 14.Bxg7 Kxg7 
15.Qe5+ Kg8 16.Qxd5 Qb6 17.Qb3 Qa6 18.Nd2 Rfc8 19.g4 Qd3 20.O-O-O Qxd4 
1/2-1/2

[Event "Paulin Frydman mem"]
[Site "Buenos Aires ARG"]
[Date "1983.03.??"]
[Round "5"]
[White "Najdorf, Miguel"]
[Black "Szmetan, Jorge"]
[Result "0-1"]
[WhiteElo "2515"]
[BlackElo "2385"]
[EventDate "1983.03.13"]
[PlyCount "82"]

1.Nf3 Nf6 2.g3 g6 3.Bg2 Bg7 4.d4 O-O 5.O-O d6 6.Nc3 d5 7.Bf4 c6 8.Qd2 Qb6 
9.Rab1 Bf5 10.Nh4 Be6 11.Na4 Qd8 12.Nc5 Bc8 13.Bh6 Nbd7 14.Bxg7 Kxg7 15.
Nd3 Qc7 16.f4 Nb6 17.f5 Nc4 18.Qc1 Ne4 19.fxg6 hxg6 20.c3 Ncd2 21.Bxe4 
Nxe4 22.Ne5 g5 23.Nf5+ Bxf5 24.Rxf5 f6 25.Nd3 Rh8 26.Qe3 Rh6 27.Nf2 Qd7 
28.Rf3 Nd6 29.g4 Nc4 30.Qc1 Qe6 31.e3 Rah8 32.h3 Rxh3 33.Rxh3 Rxh3 34.Nxh3
Qxg4+ 35.Kh2 Qe2+ 36.Kg3 Nxe3 37.Nf2 Nf5+ 38.Kg2 Ne3+ 39.Kg3 f5 40.Qg1 f4+
41.Kh2 g4 0-1

[Event "Paulin Frydman mem"]
[Site "Buenos Aires ARG"]
[Date "1983.03.??"]
[Round "5"]
[White "Schweber, Samuel"]
[Black "Giardelli, Sergio Carlos"]
[Result "1/2-1/2"]
[WhiteElo "2420"]
[BlackElo "2430"]
[EventDate "1983.03.13"]
[PlyCount "82"]

1.d4 Nf6 2.c4 g6 3.Nc3 d5 4.Nf3 Bg7 5.Bg5 Ne4 6.cxd5 Nxg5 7.Nxg5 e6 8.Nf3 
exd5 9.e3 O-O 10.Be2 c6 11.O-O Qe7 12.a3 Nd7 13.b4 Nf6 14.Qb3 Rd8 15.b5 c5
16.dxc5 Qxc5 17.Rac1 Qe7 18.Rfd1 Be6 19.Nd4 Bf8 20.a4 Rac8 21.Rc2 Qb4 22.
Qxb4 Bxb4 23.Na2 Rxc2 24.Nxc2 Bc5 25.Nc1 Ne4 26.Nb3 Rc8 27.Bd3 Be7 28.Ncd4
Nc5 29.Nxc5 Rxc5 30.a5 Bc8 31.g3 a6 32.bxa6 bxa6 33.Rb1 Kg7 34.Rb6 Bd8 35.
Rb8 Bf6 36.Ra8 Rc3 37.Be2 h5 38.h4 Bb7 39.Rb8 Bc8 40.Ra8 Bb7 41.Ne6+ fxe6 
1/2-1/2

[Event "Paulin Frydman mem"]
[Site "Buenos Aires ARG"]
[Date "1983.03.??"]
[Round "5"]
[White "Panno, Oscar"]
[Black "Hase, Juan Carlos"]
[Result "1-0"]
[WhiteElo "2500"]
[BlackElo "2415"]
[EventDate "1983.03.13"]
[PlyCount "58"]

1.Nf3 Nf6 2.c4 e6 3.Nc3 d5 4.d4 Bb4 5.e3 O-O 6.a3 Bxc3+ 7.bxc3 c5 8.Bd3 
Nc6 9.O-O dxc4 10.Bxc4 Qc7 11.Bd3 e5 12.Qc2 Re8 13.Nxe5 Nxe5 14.dxe5 Qxe5 
15.f3 Be6 16.Re1 Rad8 17.Rb1 Re7 18.c4 Red7 19.Bb2 Qg5 20.Rbd1 h5 21.f4 
Qh6 22.f5 Bxc4 23.Qxc4 Ng4 24.Qe4 Qd6 25.g3 Qb6 26.f6 Rxd3 27.Rxd3 Rxd3 
28.Qe8+ Kh7 29.fxg7 1-0

[Event "Paulin Frydman mem"]
[Site "Buenos Aires ARG"]
[Date "1983.03.??"]
[Round "5"]
[White "Amado, Claudio"]
[Black "Cuasnicu, Oscar"]
[Result "1/2-1/2"]
[WhiteElo "2340"]
[BlackElo "2390"]
[EventDate "1983.03.13"]
[PlyCount "94"]

1.d4 Nf6 2.c4 g6 3.Nc3 Bg7 4.e4 d6 5.Be2 O-O 6.Bg5 c5 7.d5 e6 8.Qd2 exd5 
9.exd5 Re8 10.Nf3 Qb6 11.O-O Bg4 12.h3 Bxf3 13.Bxf3 Nbd7 14.Qc2 a6 15.Rae1
h6 16.Bd2 Rxe1 17.Rxe1 Re8 18.Rxe8+ Nxe8 19.b3 Qd8 20.Qe4 Nef6 21.Qe1 Qe8 
22.Qxe8+ Nxe8 23.a4 Kf8 24.a5 Ke7 25.Bd1 h5 26.Bc2 Bd4 27.Kf1 Ng7 28.Ne2 
Bb2 29.Nc1 Bd4 30.Ke2 Kf6 31.g4 hxg4 32.hxg4 Ne5 33.f3 Ne8 34.Nd3 Nxd3 35.
Kxd3 Bf2 36.b4 cxb4 37.Ba4 Ke7 38.Bxb4 Nf6 39.Bd2 Bc5 40.Bc3 Bf2 41.Bd4 
Be1 42.Bc3 Bf2 43.Ke2 Bc5 44.g5 Nd7 45.f4 b6 46.Kf3 bxa5 47.Bxa5 Bd4 
1/2-1/2

[Event "Paulin Frydman mem"]
[Site "Buenos Aires ARG"]
[Date "1983.03.??"]
[Round "6"]
[White "Tempone, Marcelo"]
[Black "Hase, Juan Carlos"]
[Result "1/2-1/2"]
[WhiteElo "2330"]
[BlackElo "2415"]
[EventDate "1983.03.13"]
[PlyCount "76"]

1.Nf3 c5 2.c4 g6 3.d4 Bg7 4.d5 d6 5.Nc3 Nf6 6.e4 O-O 7.Be2 b5 8.cxb5 a6 9.
bxa6 Bxa6 10.O-O Nbd7 11.Bxa6 Rxa6 12.Qe2 Rb6 13.Nd2 Qa8 14.Nc4 Rb4 15.Bd2
Qa6 16.b3 Ra8 17.Rac1 Ne5 18.a3 Rxb3 19.Nxe5 Qxe2 20.Nxe2 dxe5 21.Ng3 Nd7 
22.Be3 h5 23.Rfd1 Ra5 24.d6 Kf8 25.Nf1 exd6 26.Rxd6 Ke7 27.Rcd1 Ra7 28.a4 
Bf8 29.Rc6 Kd8 30.Bxc5 Bxc5 31.Rxc5 Rb1 32.Rxb1 Nxc5 33.Rb5 Nxe4 34.Rd5+ 
Kc7 35.f3 Nd6 36.Rxe5 Rxa4 37.Ne3 Kc6 38.Re7 1/2-1/2

[Event "Paulin Frydman mem"]
[Site "Buenos Aires ARG"]
[Date "1983.03.??"]
[Round "6"]
[White "Slipak, Sergio"]
[Black "Schweber, Samuel"]
[Result "0-1"]
[WhiteElo "2270"]
[BlackElo "2420"]
[EventDate "1983.03.13"]
[PlyCount "106"]

1.e4 e6 2.d3 d5 3.Nd2 Nf6 4.Ngf3 Nc6 5.Be2 Bc5 6.O-O O-O 7.c3 Bb6 8.Qc2 e5
9.exd5 Nxd5 10.Nc4 Re8 11.a4 a5 12.Nxb6 Nxb6 13.Ng5 h6 14.Ne4 f5 15.Ng3 
Nd5 16.Qb3 Be6 17.Qxb7 Nde7 18.Qb5 Qd6 19.b3 Rab8 20.Ba3 Rxb5 21.Bxd6 Rxb3
22.Bxc7 Nd5 23.Bd6 Rd8 24.c4 Rxd6 25.cxd5 Rxd5 26.Bf3 Rc5 27.Bxc6 Rxc6 28.
Rfe1 f4 29.Nf1 Rxd3 30.Rxe5 Bd5 31.Rf5 Rf6 32.Re5 Re6 33.Rf5 Rd4 34.Rc1 
Rg6 35.g3 Rg5 36.Rxg5 hxg5 37.Rc5 Bf3 38.Rxa5 Rd1 39.Re5 Kf7 40.Rxg5 Kf6 
41.gxf4 Be2 42.a5 Bxf1 43.h4 Bd3+ 44.Kh2 Bf5 45.Rg3 Rd4 46.Ra3 Rxf4 47.a6 
Rxh4+ 48.Kg2 Rh8 49.a7 Ra8 50.Kf3 Ke6 51.Kf4 g6 52.Kg5 Kd7 53.f4 Kc6 0-1

[Event "Paulin Frydman mem"]
[Site "Buenos Aires ARG"]
[Date "1983.03.??"]
[Round "6"]
[White "Giardelli, Sergio Carlos"]
[Black "Amado, Claudio"]
[Result "0-1"]
[WhiteElo "2430"]
[BlackElo "2340"]
[EventDate "1983.03.13"]
[PlyCount "82"]

1.Nf3 d5 2.d4 c5 3.c3 e6 4.Bf4 Bd6 5.Bxd6 Qxd6 6.e3 Nd7 7.Nbd2 Ngf6 8.Bd3 
O-O 9.O-O e5 10.dxe5 Nxe5 11.Nxe5 Qxe5 12.Qf3 Bd7 13.Qg3 Qxg3 14.hxg3 Bc6 
15.a4 Rfd8 16.Rfd1 Rac8 17.Nf3 Re8 18.b4 Bd7 19.Bb5 Red8 20.Bxd7 Rxd7 21.
Ne5 Re7 22.Nd3 Ne4 23.Rac1 cxb4 24.cxb4 Nc3 25.Nf4 Rec7 26.Rd2 g5 27.Nd3 
Nxa4 28.Ra1 b5 29.Ne5 Rc1+ 30.Rxc1 Rxc1+ 31.Kh2 Nc3 32.f3 f6 33.Nd7 Kf7 
34.g4 Rd1 35.Rc2 Rd3 36.e4 dxe4 37.Nc5 Re3 38.fxe4 Nxe4 39.Nb7 Rc3 40.Re2 
Rc7 41.Na5 0-1

[Event "Paulin Frydman mem"]
[Site "Buenos Aires ARG"]
[Date "1983.03.??"]
[Round "6"]
[White "Szmetan, Jorge"]
[Black "Panno, Oscar"]
[Result "0-1"]
[WhiteElo "2385"]
[BlackElo "2500"]
[EventDate "1983.03.13"]
[PlyCount "48"]

1.e4 c6 2.Nc3 d5 3.Nf3 Bg4 4.h3 Bxf3 5.Qxf3 e6 6.a3 Nd7 7.d4 Qb6 8.Qe3 Ne7
9.Bd3 dxe4 10.Bxe4 g6 11.O-O Bg7 12.Ne2 O-O 13.c4 c5 14.dxc5 Nxc5 15.Bc2 
Rfd8 16.Qf3 Nc6 17.Rb1 Ne5 18.Qg3 Nxc4 19.b4 Nd7 20.Bg5 Rdc8 21.Be4 Nd6 
22.Bf3 Ne5 23.Rfd1 Nf5 24.Qf4 h6 0-1

[Event "Paulin Frydman mem"]
[Site "Buenos Aires ARG"]
[Date "1983.03.??"]
[Round "7"]
[White "Amado, Claudio"]
[Black "Slipak, Sergio"]
[Result "1-0"]
[WhiteElo "2340"]
[BlackElo "2270"]
[EventDate "1983.03.13"]
[PlyCount "82"]

1.d4 Nf6 2.c4 d6 3.Nc3 c6 4.Nf3 Bg4 5.e4 e5 6.Be2 Nbd7 7.Be3 Be7 8.O-O O-O
9.Nd2 Bxe2 10.Qxe2 Re8 11.d5 c5 12.a3 Nf8 13.b4 b6 14.bxc5 bxc5 15.Rfb1 
Qd7 16.Rb5 a6 17.Rb3 Reb8 18.Rab1 Rxb3 19.Nxb3 Bd8 20.Qc2 Ng6 21.f3 Nh5 
22.Nc1 Ba5 23.Qa4 Qd8 24.N1e2 Nhf4 25.g3 Bxc3 26.Nxc3 Qg5 27.Kh1 Qh5 28.
Qd1 Nh3 29.Kg2 f5 30.exf5 Qxf5 31.Ne4 Qd7 32.Rb6 Ne7 33.Nxd6 Rf8 34.Qb3 e4
35.Nxe4 Nf5 36.Bxc5 Re8 37.Rb8 Rc8 38.Rxc8+ Qxc8 39.Qb6 Kh8 40.Qe6 Nh4+ 
41.Kxh3 1-0

[Event "Paulin Frydman mem"]
[Site "Buenos Aires ARG"]
[Date "1983.03.??"]
[Round "7"]
[White "Panno, Oscar"]
[Black "Larsen, Bent"]
[Result "1-0"]
[WhiteElo "2500"]
[BlackElo "2555"]
[EventDate "1983.03.13"]
[PlyCount "123"]

1.Nf3 g6 2.d4 Bg7 3.e4 d6 4.c3 Nf6 5.Bd3 O-O 6.O-O Nbd7 7.Re1 e5 8.h3 Re8 
9.Bg5 h6 10.Bh4 a6 11.a4 b6 12.Nbd2 Bb7 13.b4 Qc8 14.Qb3 a5 15.b5 Re7 16.
Re3 Qf8 17.Rae1 Ree8 18.g4 Nh7 19.Bc4 Bf6 20.Bd5 Bxd5 21.Qxd5 Qe7 22.Bg3 
Qe6 23.Kg2 Ng5 24.Qc6 Rac8 25.R3e2 Nf8 26.Nxg5 Bxg5 27.Nf3 Bf6 28.d5 Qe7 
29.h4 Nd7 30.Qc4 Nc5 31.Rh1 Rf8 32.h5 Qd7 33.hxg6 fxg6 34.Nh2 Bg5 35.f3 
Rf6 36.Rf2 Rcf8 37.Rff1 Kg7 38.Bf2 Nb7 39.Qe2 Nd8 40.Rfg1 Nf7 41.Rd1 Rh8 
42.Nf1 Qe7 43.Rh3 Nd8 44.Ne3 Rff8 45.Rdh1 Nf7 46.Nc4 Rh7 47.Nb2 Rfh8 48.
Nd3 Kf8 49.Kf1 Ke8 50.Ke1 h5 51.Kd1 Rh6 52.gxh5 gxh5 53.Ne1 Qf6 54.Ng2 Nd8
55.Ne3 Qf4 56.Kc2 Rf8 57.Kb3 Nb7 58.Nf5 Rxf5 59.exf5 h4 60.Qc4 Qd2 61.Qc6+
Kd8 62.R3h2 1-0

[Event "Paulin Frydman mem"]
[Site "Buenos Aires ARG"]
[Date "1983.03.??"]
[Round "7"]
[White "Najdorf, Miguel"]
[Black "Cuasnicu, Oscar"]
[Result "1/2-1/2"]
[WhiteElo "2515"]
[BlackElo "2390"]
[EventDate "1983.03.13"]
[PlyCount "58"]

1.Nf3 c5 2.c4 g6 3.g3 Bg7 4.Bg2 Nc6 5.O-O Nh6 6.Nc3 O-O 7.d3 Nf5 8.Bd2 b6 
9.Rb1 Bb7 10.a3 d6 11.b4 Qd7 12.Ne4 cxb4 13.axb4 Ncd4 14.Nxd4 Nxd4 15.e3 
Ne6 16.Nc3 Bxg2 17.Kxg2 Bxc3 18.Bxc3 d5 19.cxd5 Qxd5+ 20.e4 Qc6 21.Rc1 
Rfd8 22.Qf3 Qb5 23.Rfd1 Nd4 24.Qe3 e5 25.f4 Rd7 26.fxe5 Qxe5 27.Ba1 Rad8 
28.Rc4 b5 29.Rc5 Qe6 1/2-1/2

[Event "Paulin Frydman mem"]
[Site "Buenos Aires ARG"]
[Date "1983.03.??"]
[Round "8"]
[White "Tempone, Marcelo"]
[Black "Szmetan, Jorge"]
[Result "1-0"]
[WhiteElo "2330"]
[BlackElo "2385"]
[EventDate "1983.03.13"]
[PlyCount "80"]

1.Nf3 Nf6 2.b3 g6 3.Bb2 Bg7 4.g3 O-O 5.Bg2 d6 6.d4 c5 7.c4 a6 8.O-O b6 9.
Nc3 Bb7 10.d5 e5 11.e4 Ne8 12.Qd2 Bc8 13.Ne1 f5 14.exf5 gxf5 15.f4 e4 16.
Nd1 Bxb2 17.Qxb2 b5 18.Nc2 Nd7 19.Nce3 Rb8 20.Qc3 Ndf6 21.Nf2 Rb7 22.Rab1 
h5 23.h4 Ng4 24.Nfxg4 hxg4 25.b4 cxb4 26.Rxb4 Qb6 27.cxb5 Nf6 28.Kh2 axb5 
29.Rfb1 Bd7 30.a4 Rc7 31.Qd2 Qa5 32.axb5 Bxb5 33.Qd4 Bd7 34.Rb8 Bc8 35.
Nxf5 Qxd5 36.Rxc8 Rfxc8 37.Qxf6 Re8 38.Rb6 Rd7 39.Qg6+ Kf8 40.Rxd6 1-0

[Event "Paulin Frydman mem"]
[Site "Buenos Aires ARG"]
[Date "1983.03.??"]
[Round "8"]
[White "Schweber, Samuel"]
[Black "Amado, Claudio"]
[Result "1/2-1/2"]
[WhiteElo "2420"]
[BlackElo "2340"]
[EventDate "1983.03.13"]
[PlyCount "42"]

1.c4 e6 2.g3 d5 3.Bg2 Nf6 4.Nf3 Be7 5.O-O O-O 6.d4 dxc4 7.Na3 Bxa3 8.bxa3 
b5 9.Ng5 c6 10.e4 h6 11.e5 Nd5 12.Ne4 Nd7 13.Qh5 f5 14.Bxh6 fxe4 15.Bxe4 
Rf5 16.Bxf5 exf5 17.e6 gxh6 18.Qg6+ Kh8 19.Qxh6+ Kg8 20.Qg6+ Kh8 21.Qh6+ 
1/2-1/2

[Event "Paulin Frydman mem"]
[Site "Buenos Aires ARG"]
[Date "1983.03.??"]
[Round "9"]
[White "Amado, Claudio"]
[Black "Tempone, Marcelo"]
[Result "1-0"]
[WhiteElo "2340"]
[BlackElo "2330"]
[EventDate "1983.03.13"]
[PlyCount "76"]

1.d4 g6 2.c4 Bg7 3.Nc3 f5 4.g3 Nf6 5.Bg2 O-O 6.Nf3 d6 7.O-O c6 8.d5 e5 9.
dxe6 Bxe6 10.Qd3 h6 11.Bf4 d5 12.Rad1 Na6 13.cxd5 Nxd5 14.Be5 Nac7 15.e4 
fxe4 16.Qxe4 Bf7 17.Rfe1 Re8 18.Qd4 Bxe5 19.Nxe5 Qf6 20.f4 Rad8 21.Ne4 Qe7
22.Ng4 Ne6 23.Qe5 Kf8 24.Qh8+ Bg8 25.Nxh6 Qg7 26.Qxg8+ Qxg8 27.Nxg8 Kxg8 
28.Rxd5 cxd5 29.Nf6+ Kf7 30.Nxe8 d4 31.Bh3 Nc5 32.Nc7 d3 33.Ne6 Re8 34.
Ng5+ Kf8 35.Nh7+ Kf7 36.Ng5+ Kf8 37.Rxe8+ Kxe8 38.Kf2 1-0

[Event "Paulin Frydman mem"]
[Site "Buenos Aires ARG"]
[Date "1983.03.??"]
[Round "9"]
[White "Najdorf, Miguel"]
[Black "Slipak, Sergio"]
[Result "1-0"]
[WhiteElo "2515"]
[BlackElo "2270"]
[EventDate "1983.03.13"]
[PlyCount "51"]

1.d4 Nf6 2.c4 e6 3.Nc3 Bb4 4.e3 c5 5.Nf3 Bxc3+ 6.bxc3 d6 7.Bd3 Nc6 8.Nd2 
e5 9.d5 Ne7 10.Qc2 O-O 11.Nf1 Qa5 12.Ng3 h6 13.O-O Bd7 14.a4 Qd8 15.f4 
exf4 16.exf4 Ng6 17.Bd2 Be8 18.Nf5 Kh8 19.Rae1 b6 20.Qd1 Ng8 21.g4 Nh4 22.
Ng3 Qd7 23.f5 Qxa4 24.Qe2 Qa2 25.Ne4 Nf6 26.Ra1 1-0

[Event "Paulin Frydman mem"]
[Site "Buenos Aires ARG"]
[Date "1983.03.??"]
[Round "10"]
[White "Giardelli, Sergio Carlos"]
[Black "Hase, Juan Carlos"]
[Result "0-1"]
[WhiteElo "2430"]
[BlackElo "2415"]
[EventDate "1983.03.13"]
[PlyCount "82"]

1.Nf3 d5 2.d4 Nf6 3.Bg5 e6 4.e3 Nbd7 5.Nbd2 h6 6.Bh4 c5 7.c3 Bd6 8.Be2 b6 
9.Bb5 a6 10.Bc6 Ra7 11.Bxf6 Qxf6 12.e4 cxd4 13.exd5 O-O 14.Ne4 Qe7 15.dxe6
Nb8 16.exf7+ Rxf7 17.Bd5 Be6 18.Qxd4 Rd7 19.Rd1 Bc5 20.Qe5 Rxd5 21.Rxd5 
Nc6 22.Qh5 Bf5 23.O-O Qxe4 24.Rd2 Bg4 25.Qd5 Bxf3 26.gxf3 Qf4 27.Re1 Ne7 
28.Qd3 Qg5+ 29.Kh1 Rxf3 30.Qc4+ Kh7 31.Qe4+ Ng6 32.Rg1 Qf5 33.Qxf5 Rxf5 
34.b4 Be7 35.Rd7 Bf6 36.c4 Rxf2 37.Rc1 Nh4 38.Kg1 Rxa2 39.c5 bxc5 40.bxc5 
Bd4+ 41.Kf1 Nf3 0-1

[Event "Paulin Frydman mem"]
[Site "Buenos Aires ARG"]
[Date "1983.03.??"]
[Round "10"]
[White "Cuasnicu, Oscar"]
[Black "Szmetan, Jorge"]
[Result "1/2-1/2"]
[WhiteElo "2390"]
[BlackElo "2385"]
[EventDate "1983.03.13"]
[PlyCount "88"]

1.e4 Nf6 2.e5 Nd5 3.Nf3 d6 4.d4 Bg4 5.h3 Bxf3 6.Qxf3 e6 7.exd6 Qxd6 8.c3 
Be7 9.Nd2 O-O 10.Nc4 Qd8 11.Bd3 Nd7 12.O-O c5 13.dxc5 Nxc5 14.Bc2 Qc7 15.
Re1 Rad8 16.Ne5 Bd6 17.Nd3 Qb6 18.Nxc5 Bxc5 19.Re2 Be7 20.Rb1 Rd7 21.a3 
Rfd8 22.Re1 Qc7 23.Rd1 b5 24.Be3 Nxe3 25.Qxe3 Bc5 26.Qe4 g6 27.Rxd7 Rxd7 
28.Rd1 Rxd1+ 29.Bxd1 Qd6 30.Qe2 h5 31.Bc2 Qf4 32.Bd3 a6 33.c4 bxc4 34.Bxc4
a5 35.Bd3 h4 36.Qc2 Bd6 37.Kf1 g5 38.Qc8+ Kg7 39.Qc4 Qe5 40.Qc2 f5 41.Qc8 
Be7 42.Qd7 Kf7 43.Bb5 Qc5 44.Qc6 1/2-1/2